Statistics for Best Countries For Retirement

Click here to take the quiz!

General Stats

  • This quiz has been taken 31 times
  • The average score is 35 of 50

Answer Stats

Country% Correct
Japan
96%
United Kingdom
96%
Austria
92%
Finland
92%
Greece
92%
New Zealand
92%
Norway
92%
Sweden
92%
Switzerland
92%
Australia
88%
Germany
88%
Portugal
88%
Spain
88%
France
84%
Italy
84%
Netherlands
84%
Brazil
80%
Canada
80%
Denmark
80%
Iceland
80%
Ireland
80%
Poland
80%
Argentina
76%
Belgium
76%
Chile
76%
Bahamas
72%
Panama
72%
Thailand
72%
Jamaica
68%
Luxembourg
68%
Mexico
68%
Peru
64%
Slovenia
64%
Barbados
60%
Czech Republic
60%
Dominican Republic
60%
Indonesia
60%
Singapore
60%
Antigua and Barbuda
56%
Costa Rica
56%
Croatia
56%
Ecuador
56%
Uruguay
56%
Philippines
52%
Saint Kitts and Nevis
52%
Cyprus
48%
Malaysia
44%
Malta
36%
Montenegro
20%
Morocco
20%

Score Distribution

Percentile by Number Answered

Percent of People with Each Score

Your Score History

You have not taken this quiz